Quizzes
Events
Quiz Creation
Community
Videos
Private Events
Remove Ads
Sign In
Join for FREE
Feedback
Dark Mode
Quiz Categories
Sports
Geography
Music
Movies
Television
Just For Fun
Miscellaneous
History
Literature
Language
Science
Gaming
Entertainment
Religion
Holiday
For Kids
Quiz Lab
Recent
Popular Today
Quiz Kudos Today
Editor Picks
Curator Picks
Quizzes by...
Day
Popularity
Type
Ratings
Length
Year
Community
Subscriptions
Recent Discussions
Orange Saloon
Badges
Playlists
Quests
Create
Leaderboards
Showdown
Live 5
Trivia Bingo
Activity
Puzzle Library
Sporcle Events
Private Events
Virtual Trivia
Globe League
Become a Host
Pub Owners
SporcleCon
Opinionation
Our Games
Videos
Blog
Mobile Apps
Partnerships
Remove Ads and Go Orange
Feedback
Holiday
Halloween
Christmas
Holiday Songs
April Fools'
Thanksgiving
Valentine's Day
Easter
St Patrick's Day
National Holiday
Religious Holiday
Holiday
Halloween
Christmas
Holiday Songs
April Fools'
Thanksgiving
Valentine's Day
Easter
St Patrick's Day
National Holiday
Religious Holiday
Random Quiz
Search Sporcle
×
Quiz Lab
Quiz Lab
Holiday
Lyrics
Type in answers that appear in a list
Type in answers that appear in a list
Classic
Best Score? Go Orange.
Christ was Born on Christmas Day Stats
Can you name the lyrics to the carol Christ was Born on Christmas Day?
By
Loren229
10m
131 Questions
55 Plays
55 Plays
55 Plays
Comments
Comments
Give Quiz Kudos
Give Quiz Kudos
-
- Ratings
hide this ad
Replay
Link that replays current quiz
Next Quiz
Link to next quiz in quiz playlist
You Got
0%
They Got
Avg Score
38%
Avg Friend Score
Upgrade to see
Score Distribution
Jump to the score distribution portion of the page
Score
0/131
Timer
10:00
0
Plays Today
Lyrics
% Correct
Christ
89.1%
Christ
89.1%
was
87.3%
was
87.3%
born
85.5%
on
85.5%
Christmas
85.5%
born
85.5%
born.
85.5%
day;
83.6%
born
78.2%
the
72.7%
the
72.7%
The
72.7%
the
72.7%
the
72.7%
The
72.7%
the
72.7%
the
72.7%
The
72.7%
the
72.7%
the
72.7%
the
72.7%
the
72.7%
The
72.7%
the
72.7%
and
70.9%
and
70.9%
and
70.9%
to
60%
to
60%
to
60%
of
54.5%
of
54.5%
of
54.5%
of
54.5%
of
54.5%
of
54.5%
is
52.7%
is
52.7%
in
47.3%
He
45.5%
He
45.5%
God,
43.6%
Lyrics
% Correct
God,
43.6%
be,
41.8%
for
41.8%
for
41.8%
Mary.
40%
us
40%
Mary.
40%
Lord
38.2%
Lord,
38.2%
Lord,
38.2%
Son,
36.4%
all
36.4%
Son,
36.4%
all
36.4%
one
34.5%
one
34.5%
Holy
30.9%
our
30.9%
Holy
30.9%
King.
30.9%
this
30.9%
holy
30.9%
ever.
29.1%
ever.
29.1%
Ever,
29.1%
ever,
29.1%
'Tis
27.3%
Babe,
25.5%
set
25.5%
free;
25.5%
Babe,
25.5%
men,
25.5%
sing;
25.5%
Night
25.5%
by
23.6%
by
23.6%
morn
23.6%
Morn
23.6%
morn:
23.6%
Wreath
21.8%
holly,
21.8%
twine
21.8%
bay;
21.8%
Christus
20%
Lyrics
% Correct
natus
20%
hodie:
20%
adored
20%
Let
20%
Christus
20%
natus
20%
hodie:
20%
adored
20%
Very
20%
very
20%
Ex
18.2%
Maria
18.2%
virgine:
18.2%
birthday
18.2%
Ex
18.2%
Maria
18.2%
virgine:
18.2%
red
16.4%
Christian
16.4%
rejoice
16.4%
gladness
16.4%
gladness
16.4%
over,
16.4%
sadness,
14.5%
evermore,
14.5%
many
14.5%
evermore
14.5%
evermore.
14.5%
bright
12.7%
Ev'rywhere
12.7%
troubles
12.7%
sore,
12.7%
Midnight
12.7%
scarcely
12.7%
pass'd
12.7%
Drawing
12.7%
early,
12.7%
early,
12.7%
berries
10.9%
glow
10.9%
goodly
10.9%
show;
10.9%
After
9.1%
Quiz Playlist
Details
Report
Send in Message
Add To Playlist
Classic:
Type in answers that appear in a list
Last Updated: Feb 16, 2017
Quiz Scoreboard
CHALLENGE
Sign Up to Join the Scoreboard
Show All
Scores
Hide
Comments
May contain spoilers
Recently Published
Billboard Blitz: Fleetwood Mac
by CooCooCachoo
Music
15s
Presidents Visiting Landmarks
by Hejman
History
7m
An Introduction to Baseball
by treessimontrees
Sports
5m
More to Explore
Quiz From the Vault
Featured Blog Post
Where Did the Easter Bunny Come From?
hide this ad
You Might Also Like...
Tags
Christmas Quiz
Holiday Songs Quiz
Lyrics Quiz
Religious Holiday Quiz
Carol
Hymn
Today's Top Quizzes in Holiday
Browse Holiday
hide this ad
Today's Top Quizzes in Lyrics
Browse Lyrics
Top Contributed Quizzes in Holiday
1
5-to-1: Holiday Songs
2
5-to-1: Thanksgiving
3
Easter - Did You Know?
4
Word Ladder: Four Leaf Clover
5
Show What You Know: US Federal Holidays
6
Slices of Holidays
7
A 50/50 Shot: Christmas Edition
8
The Holiday Category, A to Z
9
3-per Word Ladder: Listen Up!
10
Holidays Spelling Bee
Explore More
Trending Topics
Harry Potter
Marvel
NBA
Kpop
Disney
Crossword
Anime
The Office
WWE
Pokémon
NFL
Puzzle
Soccer
Song
Country
hide this ad
More By:
Loren229
Quiz
Plays
Rating
Category
Featured
Created
Hitori Puzzle: Easy
11,672
4.05
Just For Fun
Jun 23, 2016
Linkin Park - 'Numb' lyrics
8,305
4.93
Music
Jul 21, 2016
Click the Fandom Symbol
5,946
3.85
Just For Fun
May 3, 2016
Fandom by Symbol
3,312
3.88
Just For Fun
Apr 14, 2016
Sherlock Sorting Gallery
2,648
4.71
Television
Jun 11, 2016
Go to Creator's Profile
Score Distribution
Quiz Creator Spotlight
Loren229
Follow
Send a Message
Quizzes Created
-
Created Quiz Play Count
-
More By This Creator
Popular Quizzes Today
1
Find the US States - No Outlines Minefield
2
Find the Countries of Europe - No Outlines Minefield
3
The Countries of the World
4
Find the US States
5
Risky Map Clicking: Biggest States A-Z
6
US States
7
Popular People in 1961
8
Movies - When Are They Set?
More Holiday Quizzes
Hanukkah Movies By Cast
Curator's Pick
Trending Quizzes
Risky Map Clicking: Least Populous States A-Z
1-10 Letter G Words
1-10 Letter F Words
Risky Map Clicking: Next State Alphabetically
Risky Map Clicking: Biggest States A-Z
Recently Updated
Leaping Animals
pecheneg
Reality TV Shows (A-Z)
bhenderson79
Rickey Henderson's Hall of Fame Teammates
pecheneg
Champions League XIs: Arsenal
pecheneg
Quick Pick: Celebrities in WWE's Hall of Fame
aduchscher
A-Z Keypad Blitz II
pecheneg
Multiple Oscar Actors
pecheneg
Mystery Phrase Blitz: Oscar 'Best Actors'
pecheneg
F. Scott Fitzgerald Novels
LTH
Pick 3 Villains
ddd62291
Trending Topics
Harry Potter
Anime
Disney
Kpop
NBA
Marvel
Crossword
Pokémon
Country
The Office
Puzzle
Soccer
NFL
WWE
Song
Your Account Isn't Verified!
In order to create a playlist on Sporcle, you need to verify the email address you used during registration. Go to your
Sporcle Settings
to finish the process.
Report this User
Report this user for behavior that violates our
Community Guidelines
.
Details:
Send Report
Go to the Sporcle.com Mobile Site →
Comments